000 00557nam a2200193Ia 4500
999 _c9746
_d9746
005 20231013154750.0
008 231013s9999 xx 000 0 und d
020 _a968-432-189-9
040 _aUPAN
_cBiblioteca San Vicente
_eRCAA2
041 _aspa
082 _a340.03
_bP164d
_c1994
100 _aPallares, Eduardo
_4aut.
245 0 _aDiccionario de Derecho procesal civil/
_cEduardo Pallares
250 _a21° ed.
260 _aMéxico:
_bPorrúa,
_c1994
300 _a907 p.;
_c24 cm.
650 _2LEMB
_vDiccionario
_xDerecho
942 _cBK
_2ddc